|
|
|
|
| LEADER |
01531nam a2200409 a 4500 |
| 001 |
EBC3004146 |
| 003 |
MiAaPQ |
| 005 |
20200520144314.0 |
| 006 |
m o d | |
| 007 |
cr cn||||||||| |
| 008 |
060525s2006 ne ab sb 000 0 eng d |
| 010 |
|
|
|z 2006047544
|
| 016 |
7 |
|
|z B0608887
|2 bccb
|
| 020 |
|
|
|z 9004151834 (pbk. : alk. paper)
|
| 020 |
|
|
|z 9789004151833
|
| 020 |
|
|
|z 9789047409823
|
| 035 |
|
|
|a (MiAaPQ)EBC3004146
|
| 035 |
|
|
|a (Au-PeEL)EBL3004146
|
| 035 |
|
|
|a (CaPaEBR)ebr10234881
|
| 035 |
|
|
|a (CaONFJC)MIL139946
|
| 035 |
|
|
|a (OCoLC)923613695
|
| 040 |
|
|
|a MiAaPQ
|c MiAaPQ
|d MiAaPQ
|
| 050 |
|
4 |
|a BL619.P5
|b O58 2006
|
| 082 |
0 |
4 |
|a 203/.51
|2 22
|
| 245 |
0 |
0 |
|a On the road to being there
|h [electronic resource] :
|b studies in pilgrimage and tourism in late modernity /
|c edited by William H. Swatos, Jr.
|
| 260 |
|
|
|a Leiden ;
|a Boston :
|b Brill,
|c 2006.
|
| 300 |
|
|
|a xvi, 332 p. :
|b ill., map.
|
| 490 |
1 |
|
|a Religion and the social order,
|x 1061-5210 ;
|v v. 12
|
| 504 |
|
|
|a Includes bibliographical references.
|
| 533 |
|
|
|a Electronic reproduction. Ann Arbor, MI : ProQuest, 2015. Available via World Wide Web. Access may be limited to ProQuest affiliated libraries.
|
| 650 |
|
0 |
|a Pilgrims and pilgrimages.
|
| 650 |
|
0 |
|a Tourism
|x Religious aspects.
|
| 655 |
|
4 |
|a Electronic books.
|
| 700 |
1 |
|
|a Swatos, William H.
|
| 710 |
2 |
|
|a ProQuest (Firm)
|
| 830 |
|
0 |
|a Religion and the social order ;
|v v. 12.
|
| 856 |
4 |
0 |
|u https://ebookcentral.proquest.com/lib/matrademy/detail.action?docID=3004146
|z Click to View
|